[Event "URS-ch otbor"]
[Site "Cheliabinsk"]
[Date "1975.??.??"]
[Round "?"]
[White "Zaid, Leonid D"]
[Black "Popov, N."]
[Result "1-0"]
[WhiteElo "2200"]
[BlackElo "2400"]

1.d4 d5 2.c4 c6 3.Nf3 Nf6 4.Nc3 a6 5.Bg5 Ne4 6.Bf4 Nxc3 7.bxc3 dxc4 8.e4 b5
9.Ne5 g6 10.Qf3 f6 11.Qg3 Be6 12.Nf3 Bg7 13.Be2 Qa5 14.Rc1 O-O 15.h4 Bf7
16.h5 g5 17.h6 Bh8 18.Nxg5 fxg5 19.Qxg5+ Bg6 20.Bxc4+ Rf7 21.Bxf7+ Kxf7 22.Bxb8 Bxd4
23.Be5 Bb6 24.O-O Rd8 25.Bd4 Bxd4 26.cxd4 Rxd4 27.Qe5 Rxe4 28.Qg7+ Ke8 29.Qg8+  1-0

[Event "URS-chT"]
[Site "Riga"]
[Date "1975.??.??"]
[Round "?"]
[White "Ruderfer, Mark B"]
[Black "Popov, N."]
[Result "0-1"]
[WhiteElo "2410"]
[BlackElo "2400"]

1.Nf3 Nf6 2.c4 c6 3.Nc3 d5 4.d4 a6 5.Qb3 e6 6.Bg5 b5 7.cxd5 cxd5 8.e3 Nbd7
9.Ne5 Bd6 10.f4 O-O 11.Bd3 Bb7 12.O-O Qe8 13.Nxd7 Nxd7 14.f5 h6 15.Bf4 e5
16.dxe5 Bxe5 17.Rae1 Nf6 18.Ne2 Bxf4 19.Nxf4 Qe5 20.Qb4 Ng4 21.Rf3 Rfe8 22.h3 Nf6
23.Rff1 Re7 24.Qd4 Rae8 25.Qxe5 Rxe5 26.Kf2 h5 27.Rg1 Bc8 28.g4 hxg4 29.hxg4 d4
30.g5 dxe3+ 31.Ke2 Nd5 32.Nxd5 Rxd5 33.f6 Rd4 34.Bb1 Rd2+ 35.Kf3 Rf2+ 36.Kg3 Rxb2
37.fxg7 Bb7 38.Ref1 Kxg7 39.Kf4 Rf2+  0-1

[Event "Lone Pine op"]
[Site "Lone Pine"]
[Date "1981.??.??"]
[Round "?"]
[White "Sosonko, Gennadi"]
[Black "Kogan, Boris"]
[Result "1-0"]
[WhiteElo "2595"]
[BlackElo "2430"]

1.d4 d5 2.c4 c6 3.Nf3 Nf6 4.Nc3 a6 5.Qb3 e6 6.g3 dxc4 7.Qxc4 b5 8.Qd3 c5
9.Bg2 Bb7 10.O-O Nbd7 11.Rd1 c4 12.Qc2 b4 13.Nb1 Rc8 14.Bg5 Be7 15.Ne5 Bxg2
16.Kxg2 O-O 17.a3 c3 18.bxc3 bxc3 19.Nxc3 Qc7 20.Nxd7 Qxd7 21.Bxf6 gxf6 22.Rd3 Rc7
23.Qd2 Rfc8 24.d5 f5 25.Rb1 Bxa3 26.dxe6 Qxe6 27.Nd5 Bc1 28.Rxc1 Rxc1 29.Re3 Qc6
30.f3 Qc5 31.Ne7+ Kf8 32.Nxc8 Qxc8 33.Rd3 Qc6 34.Rd6 Qc3 35.Rd8+  1-0

[Event "Yerevan"]
[Site "Yerevan"]
[Date "1981.??.??"]
[Round "1"]
[White "Agzamov, Georgy"]
[Black "Itkis, Boris"]
[Result "1-0"]
[WhiteElo "2435"]
[BlackElo "2275"]

1.d4 d5 2.c4 c6 3.Nc3 Nf6 4.Nf3 a6 5.c5 Nbd7 6.Bf4 g6 7.e3 Bg7 8.h3 Ne4 9.Nxe4 dxe4
10.Nd2 e5 11.dxe5 g5 12.Bg3 Nxc5 13.Qc2 Nd3+ 14.Bxd3 exd3 15.Qc5 Be6 16.Ne4 Qd5
17.Qxd5 Bxd5 18.Nd6+ Ke7 19.e4 Be6 20.Kd2 f6 21.exf6+ Bxf6 22.e5 Bg7 23.Kxd3 Rhf8
24.f3 Bd5 25.Ke3 Ke6 26.Nxb7 Bxe5 27.Bxe5 Kxe5 28.Nc5 Rae8 29.Kf2 Kd6 30.Nxa6 Rf4
31.a3 c5 32.Rhd1 Rc8 33.b4 c4 34.Rac1 h5 35.Rc3 g4 36.Kg3 Rf7 37.hxg4 hxg4
38.fxg4 Re7 39.Rd2 Re1 40.Nc5 Kc6 41.Nb3 Bg8 42.Na5+ Kb5 43.Nb7 Rc6 44.Nd6+ Kb6
45.Rd4 Re7 46.Nxc4+ Ka6 47.Re3 Rxe3+ 48.Nxe3 Rc3 49.Kf4 Rxa3 50.g5  1-0

[Event "Helsinki"]
[Site "Helsinki"]
[Date "1984.??.??"]
[Round "?"]
[White "Razuvaev, Yuri S"]
[Black "Pirttimaki, Timo"]
[Result "1-0"]
[WhiteElo "2500"]
[BlackElo "2355"]

1.d4 d5 2.c4 c6 3.Nc3 Nf6 4.Nf3 a6 5.e3 b5 6.b3 Bg4 7.Be2 Bxf3 8.Bxf3 e6
9.O-O Nbd7 10.Qc2 Rc8 11.e4 c5 12.exd5 cxd4 13.dxe6 fxe6 14.Ne4 Be7 15.Ng5 Qb6
16.Re1 e5 17.Qf5 g6 18.Qh3 bxc4 19.Rxe5 Rc5 20.Re6 Qa5 21.b4 Qxb4 22.Rxe7+ Kd8
23.Qe6 Re5 24.Nf7+  1-0

[Event "Helsinki"]
[Site "Helsinki"]
[Date "1984.??.??"]
[Round "?"]
[White "Karolyi, Tibor Jr"]
[Black "Pirttimaki, Timo"]
[Result "1/2-1/2"]
[WhiteElo "2410"]
[BlackElo "2355"]

1.d4 d5 2.c4 c6 3.Nc3 Nf6 4.Nf3 a6 5.c5 g6 6.h3 Nbd7 7.Bf4 Bg7 8.b4 Ne4 9.Qc2 a5
10.b5 Ndxc5 11.Nxe4 dxe4 12.Qxc5 exf3 13.e3 O-O 14.bxc6 bxc6 15.gxf3 a4 16.Rb1 Be6
17.Bc4 Bxc4 18.Qxc4 Qa5+ 19.Ke2 e5 20.dxe5 Bxe5 21.Bh6 Bg7 22.Bxg7 Kxg7 23.Rhc1  1/2-1/2

[Event "Reykjavik"]
[Site "Reykjavik"]
[Date "1984.??.??"]
[Round "?"]
[White "Hjartarson, Johann"]
[Black "Knezevic, Milorad"]
[Result "1/2-1/2"]
[WhiteElo "2415"]
[BlackElo "2450"]

1.d4 d5 2.c4 c6 3.Nf3 Nf6 4.Nc3 a6 5.c5 g6 6.Bf4 Bg7 7.h3 O-O 8.e3 Nfd7 9.Be2 e5
10.Nxe5 Nxe5 11.Bxe5 Bxe5 12.dxe5 Qe7 13.e4 Qxe5 14.exd5 Rd8 15.O-O cxd5
16.Bf3 Nc6  1/2-1/2

[Event "URS-ch sf"]
[Site "Aktjubinsk"]
[Date "1985.??.??"]
[Round "?"]
[White "Loginov, Valery A"]
[Black "Kozlov, Vladimir N"]
[Result "1/2-1/2"]
[WhiteElo "2350"]
[BlackElo "2415"]

1.Nf3 d5 2.d4 c6 3.c4 Nf6 4.Nc3 a6 5.cxd5 cxd5 6.Bf4 Nc6 7.e3 e6 8.Bd3 Be7
9.h3 Bd7 10.Rc1 Rc8 11.O-O O-O 12.Qe2 b5 13.e4 b4 14.exd5 bxc3 15.dxc6 cxb2
16.Qxb2 Rxc6 17.Rxc6 Bxc6 18.Ne5 Bd5 19.Rb1 Qa8 20.Bf1 Rc8 21.Rc1 Rxc1  1/2-1/2

[Event "OHRA-B"]
[Site "Amsterdam"]
[Date "1985.??.??"]
[Round "9"]
[White "Rogers, Ian"]
[Black "Klaric, Zlatko"]
[Result "1-0"]
[WhiteElo "2510"]
[BlackElo "2465"]

1.d4 d5 2.c4 c6 3.Nf3 Nf6 4.Nc3 a6 5.g3 g6 6.Bg2 Bg7 7.O-O O-O 8.cxd5 cxd5
9.Ne5 Nc6 10.Bg5 Be6 11.Nxc6 bxc6 12.Qd2 Re8 13.Rac1 Bf5 14.Rfd1 Rc8 15.b3 e5
16.dxe5 Rxe5 17.e4 Bxe4 18.Bxe4 Nxe4 19.Nxe4 f6 20.Nd6 Qxd6 21.Bf4 Rce8 22.Qa5 Qd7
23.Bxe5 fxe5 24.Qxa6 Re6 25.Qa8+ Kf7 26.Rc5 e4 27.Ra5 Re7 28.Ra6 Qg4 29.Rf1 Bd4
30.Ra4 c5 31.Qxd5+ Qe6 32.Qxe6+ Kxe6 33.Rc4 Kd5 34.Rc2 Ra7 35.Kg2 Ra6 36.Rd1 Rb6
37.Re2 Rb7 38.f3 exf3+ 39.Kxf3 h6 40.Kg2 Rb6 41.Rf1 Ra6 42.Rf8 Rd6 43.Ra8 Rf6
44.a4  1-0

[Event "POL-chT"]
[Site "Porabka"]
[Date "1986.??.??"]
[Round "?"]
[White "Ksieski, Zbigniew"]
[Black "Seifert, Henryk"]
[Result "1-0"]
[WhiteElo "2385"]
[BlackElo "2260"]

1.d4 d5 2.c4 c6 3.Nf3 Nf6 4.Nc3 a6 5.Qc2 b5 6.b3 Bg4 7.Ne5 Be6 8.g3 Qc8 9.e4 Nbd7
10.exd5 cxd5 11.cxb5 Nxe5 12.dxe5 Ne4 13.Bb2 Bf5 14.bxa6 e6 15.Qd3 Rb8 16.a7 Nxc3
17.axb8=Q Qxb8 18.Qd4 Ne4 19.Qa4+ Kd8 20.Qa5+ Qc7 21.Qa8+ Qc8 22.Qxc8+ Kxc8
23.Rc1+ Kb8 24.f3 Bb4+ 25.Ke2 Rd8 26.Bd4 Ng5 27.Bg2 h5 28.Rc6 Ba5 29.Rhc1  1-0

[Event "Reggio Emilia8788-B"]
[Site "Reggio Emilia"]
[Date "1987.??.??"]
[Round "7"]
[White "Beil, Zdenek"]
[Black "Anceschi, Vittorio"]
[Result "1/2-1/2"]
[WhiteElo "2425"]
[BlackElo "2310"]

1.d4 d5 2.c4 c6 3.Nf3 Nf6 4.Nc3 a6 5.e3 g6 6.Bd3 Bg7 7.O-O O-O 8.h3 b5 9.cxd5 cxd5
10.Ne5 Bb7 11.f4 Nc6 12.Bd2 Nxe5 13.fxe5 Ne4 14.Be1 Nxc3 15.Bxc3 f6 16.a4 fxe5
17.Rxf8+ Qxf8 18.dxe5 b4 19.Bd4 a5 20.Rc1 Rc8 21.b3 Rxc1 22.Qxc1 Qb8 23.Qc2 Bxe5
24.Bxg6 Bxd4 25.Bxh7+ Kh8 26.exd4 Qf4 27.Qd3 Ba6 28.Qxa6 Qxd4+ 29.Kf1 Kxh7
30.Qe6 Qd3+ 31.Kf2 Qxb3 32.Qxe7+ Kg8  1/2-1/2

[Event "URS Army-ch"]
[Site "Tashkent"]
[Date "1987.??.??"]
[Round "?"]
[White "Timoshchenko, Gennadi A"]
[Black "Chekhov, Valery A"]
[Result "1/2-1/2"]
[WhiteElo "2495"]
[BlackElo "2500"]

1.d4 d5 2.c4 c6 3.Nf3 Nf6 4.Nc3 a6 5.e3 b5 6.b3 Bg4 7.h3 Bh5 8.g4 Bg6 9.Ne5 e6
10.Bg2 Bb4 11.Bd2 Nfd7 12.Nxg6 hxg6 13.e4 dxc4 14.bxc4 Nb6 15.Qb3 Bxc3 16.Bxc3 Nxc4
17.O-O O-O 18.Rad1 Qc7 19.Rfe1 Nd7 20.Bf1 Ncb6 21.Rc1 Rac8 22.Bb4 Rfe8 23.e5 Nd5
24.a4 Qa7 25.Red1 Nxb4 26.Qxb4 Nb6 27.Bg2 Nxa4 28.Bxc6 Red8 29.d5 exd5 30.Bxd5 Rxc1
31.Rxc1 Nb6 32.Bb3 Nc4 33.Bxc4 bxc4  1/2-1/2

[Event "Tel Aviv"]
[Site "Tel Aviv"]
[Date "1987.??.??"]
[Round "?"]
[White "Birnboim, Nathan"]
[Black "Kaganski, Mihail"]
[Result "1-0"]
[WhiteElo "2465"]
[BlackElo "2285"]

1.d4 Nf6 2.c4 c6 3.Nf3 d5 4.Nc3 a6 5.b3 Bf5 6.Nh4 Be6 7.e3 g6 8.Bd3 Bg7 9.O-O c5
10.Nf3 Nc6 11.cxd5 Nxd5 12.Nxd5 Bxd5 13.e4 Nxd4 14.Nxd4 Bxd4 15.Bh6 Be6 16.Rc1 Qd7
17.Kh1 Rd8 18.Qe2 f6 19.Rfd1 Rg8 20.b4 g5 21.e5 f5 22.bxc5 Qc6 23.Bc4 Rg6
24.Bxe6 Qxe6 25.Qh5 f4 26.Bxg5 Qf5 27.h4 Rd7 28.c6 bxc6 29.Rxc6 Bxe5 30.Rc8+  1-0

[Event "BL2-W8788"]
[Site "Germany"]
[Date "1988.??.??"]
[Round "?"]
[White "Kohlweyer, Bernd"]
[Black "Pieper Emden, Carsten"]
[Result "1/2-1/2"]
[WhiteElo "2325"]
[BlackElo "2310"]

1.d4 d5 2.c4 c6 3.Nf3 Nf6 4.Nc3 a6 5.e3 b5 6.b3 Bf5 7.Be2 h6 8.O-O e6 9.Bd2 Ba3
10.Bc1 Bb4 11.Bd2 Ba3 12.Bc1 Bb4 13.Bd2  1/2-1/2

[Event "Naleczow (Women)"]
[Site "Naleczow"]
[Date "1988.??.??"]
[Round "1"]
[White "Levitina, Irina S"]
[Black "Lissowska, Anna"]
[Result "1-0"]
[WhiteElo "2355"]
[BlackElo "2135"]

1.d4 d5 2.Nf3 Nf6 3.c4 c6 4.Nc3 a6 5.c5 Qc7 6.Bg5 Nbd7 7.e3 e5 8.Bxf6 gxf6
9.Nh4 f5 10.g3 f4 11.Bh3 Nf6 12.Bxc8 Rxc8 13.O-O Rg8 14.exf4 exf4 15.Qf3 Kd7
16.Ne2 Ne4 17.Qxf4 Qxf4 18.Nxf4 Be7 19.Nf3 Bf6 20.Nd3 Rce8 21.Kg2 Kc7 22.Rfe1 Re7
23.Re2 Rge8 24.Rae1 Kc8 25.Nf4 Kd8 26.h4 h6 27.Re3 Kd7 28.Nd3 Kc7 29.Nfe5 Rg8
30.Rf3 Bxh4 31.Nxf7 Bf6 32.Rxf6  1-0

[Event "Thessaloniki ol (Men)"]
[Site "Thessaloniki"]
[Date "1988.??.??"]
[Round "3"]
[White "Pinter, Jozsef"]
[Black "Haba, Petr"]
[Result "1/2-1/2"]
[WhiteElo "2555"]
[BlackElo "2470"]

1.d4 d5 2.c4 c6 3.Nc3 Nf6 4.Nf3 a6 5.c5 Nbd7 6.Bf4 Nh5 7.Be3 Qc7 8.g3 g6
9.Bg2 Bg7 10.O-O O-O 11.Qd2 e5 12.Nxe5 Nxe5 13.dxe5 Qxe5 14.Rad1 Re8 15.Rfe1 Bf5
16.Bd4 Qxd4 17.Qxd4 Bxd4 18.Rxd4 Nf6 19.f3 Re7 20.Kf2 Rae8 21.Bf1 h5 22.h4 Kg7
23.Rc1 Ng8 24.Nd1 Nh6 25.Rc3 Bb1 26.Ra4 Bf5 27.Ne3 Bc8 28.Rd4 Bd7 29.Rd2 Bf5
30.a3 Kf8 31.b4 Kg7 32.a4 Kf8 33.Rb3 Be6 34.Nc2 Nf5 35.Ra3 Bd7 36.Rad3 Ng7
37.Nd4 Nf5 38.Nxf5 Bxf5 39.Rb3 Bd7 40.Rd4 Kg7 41.e3 Ra8 42.Bd3 Rae8 43.Bc2 Kf8
44.Ke2 Kg7 45.Kd2 Bh3 46.Rc3 Bf1 47.Ke1 Bc4 48.Kf2 a5 49.bxa5 Ra8 50.Bb3 Bxb3
51.Rxb3 Rxa5 52.Rc3 Re8 53.Rb4 Rea8 54.Rxb7  1/2-1/2

[Event "CSR-ch"]
[Site "Trinec"]
[Date "1988.??.??"]
[Round "1"]
[White "Vokac, Marek"]
[Black "Haba, Petr"]
[Result "1/2-1/2"]
[WhiteElo "2450"]
[BlackElo "2470"]

1.d4 d5 2.c4 c6 3.Nf3 Nf6 4.Nc3 a6 5.cxd5 cxd5 6.Bf4 Nc6 7.e3 Bg4 8.Bd3 e6
9.h3 Bxf3 10.Qxf3 Rc8 11.O-O Be7 12.Rfc1 O-O 13.Qd1 Nd7 14.a3 Nb6 15.Na4 Nxa4
16.Qxa4 Bd6 17.Bxd6 Qxd6 18.Rc3 g6 19.Rac1 Ne7 20.Rxc8 Nxc8 21.Qc2 Qb8 22.Qc7 Nd6
23.Qb6 Qd8 24.Qxd8  1/2-1/2

[Event "URS-ch otbor56"]
[Site "Uzhgorod"]
[Date "1988.??.??"]
[Round "?"]
[White "Magerramov, Elmar"]
[Black "Titov, German"]
[Result "1-0"]
[WhiteElo "2430"]
[BlackElo "2385"]

1.d4 d5 2.c4 c6 3.Nf3 Nf6 4.Nc3 a6 5.Qb3 e6 6.Bf4 b5 7.cxd5 cxd5 8.Rc1 Be7
9.Nxb5 O-O 10.Nc3 Nc6 11.e3 Ne4 12.a3 Na5 13.Qc2 Bb7 14.Bd3 Rc8 15.Bxe4 dxe4
16.Nd2 g5 17.Bg3 f5 18.Be5 Nc6 19.O-O Nxe5 20.dxe5 Kf7 21.Rfd1 Qc7 22.Qb3 Ba8
23.Ne2 Qxe5 24.Nc4 Qb5 25.Qxb5 axb5 26.Ne5+ Kg8 27.Nd4 Bd5 28.Nxb5 Rxc1 29.Rxc1 Rb8
30.a4 Ra8 31.g4 Bf6 32.Nd7 Bxb2 33.Rc2 Ba1 34.Nb6 Ra6 35.Nxd5 exd5 36.gxf5 Rxa4
37.Rd2 Kf7 38.Rxd5 Kf6 39.Rd6+ Kxf5 40.Rh6 Bg7 41.Nd6+ Kg4 42.Rxh7 Kf3 43.Rh3+ Kg4
44.Kg2 Be5 45.Rh6 Bxd6 46.Rxd6 Ra5 47.Rf6 Kh5 48.Re6 Ra4 49.Kg3 Rb4 50.h3 Ra4
51.Re5 Kh6 52.Rd5 Ra6 53.Kg4 Ra2 54.Rf5 Ra1 55.Rf6+ Kh7 56.Kxg5 Rg1+ 57.Kf5 Rg2
58.Ke5  1-0

[Event "Belgrade op"]
[Site "Belgrade"]
[Date "1989.??.??"]
[Round "3"]
[White "Carnic, Srdjan"]
[Black "Simic, Sinisa"]
[Result "1/2-1/2"]
[WhiteElo "2250"]
[BlackElo "2270"]

1.d4 d5 2.c4 c6 3.Nc3 Nf6 4.Nf3 a6 5.cxd5 cxd5 6.Bf4 Nc6 7.e3 Bf5 8.Bd3 Bxd3
9.Qxd3 e6 10.O-O Be7  1/2-1/2

[Event "Dreszer op"]
[Site "Gdynia"]
[Date "1989.??.??"]
[Round "4"]
[White "Sarwinski, Miroslaw"]
[Black "Seifert, Henryk"]
[Result "1-0"]
[WhiteElo "2395"]
[BlackElo "2315"]

1.d4 d5 2.c4 c6 3.Nf3 Nf6 4.Nc3 a6 5.Qb3 e6 6.Bg5 Nbd7 7.cxd5 cxd5 8.e3 Bd6
9.Bd3 O-O 10.a4 h6 11.Bh4 Be7 12.O-O Nb8 13.Ne5 Nfd7 14.Bxe7 Qxe7 15.f4 Nc6
16.Rac1 Qb4 17.Qc2 Ndxe5 18.fxe5 Qe7 19.Qf2 Bd7 20.Qg3 Nb4 21.Bb1 Qg5 22.Qh3 f5
23.exf6 Rxf6 24.Rxf6 Qxf6 25.Rf1 Qe7 26.Qf3 Bc6 27.Qf4 Rc8 28.Rf3 Bd7 29.h3 b5
30.axb5 Bxb5 31.Nxb5 axb5 32.Rf1 Nc6 33.Bg6 Nd8 34.Bd3 b4 35.e4 Nf7 36.exd5 exd5
37.Qf5  1-0

[Event "Leningrad-chT"]
[Site "Leningrad"]
[Date "1989.??.??"]
[Round "?"]
[White "Moskalenko, Viktor"]
[Black "Orlov, Georgi"]
[Result "0-1"]
[WhiteElo "2500"]
[BlackElo "2515"]

1.d4 d5 2.c4 c6 3.Nc3 Nf6 4.Nf3 a6 5.cxd5 cxd5 6.Bf4 Ne4 7.e3 Nc6 8.Nxe4 dxe4
9.Nd2 e5 10.dxe5 Qa5 11.Bc4 Nxe5 12.O-O Nxc4 13.Nxc4 Qb4 14.Rc1 Be6 15.Nd6+ Bxd6
16.Bxd6 Qxb2 17.Rc7 Qf6 18.Rxb7 Rd8 19.Qa4+ Bd7 20.Qxa6 h5 21.Rc1 Qe6 22.Rb6 Qd5
23.Qa3 f6 24.Qb4 Rc8 25.Rxc8+ Bxc8 26.h4 Kf7 27.Qb3 Be6 28.Rb7+ Kg6 29.Qxd5 Bxd5
30.Rb2 Rc8 31.a3 Rc1+ 32.Kh2 Kf7 33.Kg3 Ra1 34.Rb5 Ke6 35.Rb6 Kf5 36.Bf8 g5
37.Be7 gxh4+ 38.Kxh4 Rh1+ 39.Kg3 h4+  0-1

[Event "Prague Meta"]
[Site "Prague"]
[Date "1989.??.??"]
[Round "1"]
[White "Pribyl, Martin"]
[Black "Pithart, Frantisek"]
[Result "1/2-1/2"]
[WhiteElo "2200"]
[BlackElo "2280"]

1.d4 d5 2.c4 c6 3.Nf3 Nf6 4.Nc3 a6 5.e3 b5 6.cxd5 cxd5 7.Bd3 Bg4 8.O-O e6
9.h3 Bh5 10.Qe2 Be7 11.Bd2 Nbd7 12.Rac1 O-O 13.a3 Qb6 14.Na2 Rfc8 15.g4 Bg6
16.Bxg6 hxg6 17.Bb4 Bxb4  1/2-1/2

[Event "Bordeaux"]
[Site "Bordeaux"]
[Date "1990.??.??"]
[Round "6"]
[White "Neidhardt, Claus Ulrich"]
[Black "Klaric, Zlatko"]
[Result "1/2-1/2"]
[WhiteElo "2305"]
[BlackElo "2400"]

1.d4 d5 2.c4 c6 3.Nf3 Nf6 4.Nc3 a6 5.e3 b5 6.cxd5 cxd5 7.Bd3 e6 8.O-O Nbd7
9.a3 Bb7 10.Bd2 Bd6 11.Na2 Qe7 12.Bb4 O-O 13.Ne5 Bxb4 14.Nxb4 Rac8 15.Rc1 Rxc1
16.Qxc1 Nxe5 17.dxe5 Ng4 18.Qc3 Qg5 19.f4 Qh4 20.h3 Nxe3 21.Bxh7+ Qxh7 22.Qxe3 d4
23.Qxd4 Rc8 24.Nd3 Bd5 25.Nb4 Bb7 26.Nd3 Bd5 27.Nb4  1/2-1/2

[Event "HUN-ch (Women)"]
[Site "?"]
[Date "1990.??.??"]
[Round "6"]
[White "Horvath, Julia"]
[Black "Nemeth, Maria"]
[Result "1-0"]
[WhiteElo "2210"]
[BlackElo "2160"]

1.d4 d5 2.Nf3 Nf6 3.c4 c6 4.Nc3 a6 5.e3 b5 6.cxd5 cxd5 7.Bd3 Bb7 8.Ne5 Nbd7
9.f4 e6 10.O-O Be7 11.Bd2 Ne4 12.Be1 O-O 13.Qf3 f5 14.Bxe4 dxe4 15.Qd1 Kh8
16.Bg3 Bb4 17.Bh4 Qe8 18.a4 Nxe5 19.fxe5 Bxc3 20.bxc3 Bc6 21.a5 Bd5 22.Qc1 Qh5
23.Be7 Rf7 24.Bb4 g5 25.Rb1 Rg8 26.Rb2 Bc4 27.Rff2 f4 28.Rb1 Qh4 29.Qe1 Qh6
30.Qd2 Bd3 31.Re1 Qh4 32.Rc1 Bc4 33.Bc5 Qg4 34.Re1 Bd5 35.Qd1 f3 36.Bd6 h5
37.Qc1 h4 38.Qa3 Rgg7 39.Qc5 Kh7 40.Bf8 Rg8 41.Be7 Qh5 42.Bf6 Rd7 43.Qb6 Ra8
44.Ref1 Kg6 45.gxf3 exf3 46.h3 g4 47.e4 Bxe4 48.Qxe6 Bf5 49.Qc6 Rg8 50.e6 gxh3
51.Kh1 Kh6 52.exd7 Qg4 53.Bg5+ Kxg5 54.Rg1 Qg3 55.Rxf3 Kg4 56.Rfxg3+ hxg3  1-0

[Event "Karl-Marx-Stadt"]
[Site "Karl-Marx-Stadt"]
[Date "1990.??.??"]
[Round "?"]
[White "Schoene, Ralf"]
[Black "Seifert, Henryk"]
[Result "1-0"]
[WhiteElo "2360"]
[BlackElo "2320"]

1.d4 d5 2.c4 c6 3.Nf3 Nf6 4.Nc3 a6 5.e3 b5 6.b3 Bg4 7.h3 Bh5 8.g4 Bg6 9.Ne5 e6
10.Nxg6 hxg6 11.Bg2 Nbd7 12.Qd3 Nb6 13.c5 Nbd7 14.e4 b4 15.exd5 bxc3 16.dxe6 Qe7
17.O-O fxe6 18.Bxc6 Rc8 19.Bg2 Kf7 20.Qxa6 Re8 21.Bg5 Nxc5 22.dxc5 Qxc5 23.Be3 Qc7
24.Rfd1 c2 25.Rd3 Rd8 26.Rxd8 Qxd8 27.Qe2 Qa5 28.Qxc2 Qe5 29.Rd1 Bd6 30.Qc6 Rd8
31.Qf3 Ke7 32.Qc6 Nd5 33.Bc5 Qe2 34.Bxd6+ Rxd6 35.Qc1 Qe5 36.Bxd5 exd5 37.Re1  1-0

[Event "RSFSR-ch"]
[Site "Kuibishev"]
[Date "1990.??.??"]
[Round "?"]
[White "Tunik, Gennady"]
[Black "Voitsekhovsky, Stanislav"]
[Result "1-0"]
[WhiteElo "2475"]
[BlackElo "2335"]

1.d4 Nf6 2.c4 c6 3.Nc3 d5 4.Nf3 a6 5.cxd5 cxd5 6.Bf4 Nc6 7.e3 e6 8.Bd3 b5
9.Rc1 Bb7 10.Ne5 Rc8 11.O-O Nxe5 12.Bxe5 Be7 13.Qf3 O-O 14.Qh3 g6 15.Qh6 Nh5
16.Bf4 Re8 17.a4 f6 18.Bxg6 hxg6 19.Qxg6+ Ng7 20.axb5 Rf8 21.Bh6 Rf7 22.Ne2 Bd6
23.bxa6 Bxa6 24.Rxc8 Qxc8 25.Rc1 Qd8 26.Nf4 Bxf4 27.Bxf4 Bb5 28.Rc5 Ra7 29.h3 Be8
30.Qc2 Bd7 31.g4 Rb7 32.Rc7 Rxc7 33.Qxc7 Qe8 34.b4 Kh7 35.Kh2 Bb5 36.Qc2+ Kg8
37.Qc7 Kh7 38.Bg3 Qg6 39.Qf4 Be2 40.Bh4 Ne8 41.Qb8 Bf1 42.Qf4 Kg7 43.Bg3 Qb1
44.g5 Qxb4 45.Qg4 Qb6 46.Qh5 fxg5 47.Qxe8 Bd3 48.Be5+ Kh6 49.Qf7 Bg6 50.Qg7+  1-0

[Event "Metz op"]
[Site "Metz"]
[Date "1990.??.??"]
[Round "8"]
[White "Moskalenko, Viktor"]
[Black "Shvidler, Eliahu"]
[Result "1/2-1/2"]
[WhiteElo "2525"]
[BlackElo "2400"]

1.d4 d5 2.c4 c6 3.Nf3 Nf6 4.Nc3 a6 5.c5 Nbd7 6.Bf4 Nh5 7.Bd2 g6 8.e3 Bg7
9.Be2 Nhf6 10.O-O O-O  1/2-1/2

[Event "URS-ch U26"]
[Site "Minsk"]
[Date "1990.??.??"]
[Round "?"]
[White "Anastasian, Ashot"]
[Black "Orlov, Georgi"]
[Result "0-1"]
[WhiteElo "2490"]
[BlackElo "2505"]

1.c4 Nf6 2.Nc3 c6 3.d4 d5 4.Nf3 a6 5.cxd5 cxd5 6.Bf4 Nc6 7.e3 Bg4 8.Be2 e6
9.O-O Be7 10.Rc1 O-O 11.Na4 Rc8 12.h3 Bh5 13.Nd2 Nxd4 14.exd4 Rxc1 15.Qxc1 Bxe2
16.Re1 Bb5 17.Bc7 Qd7 18.Nb6 Qc6 19.Qxc6 Bxc6 20.Rc1 Ne8 21.Bf4 Nd6 22.Nb3 Nc8
23.Bc7 Nxb6 24.Bxb6 Rc8 25.g3 Bf6 26.h4 Bd7 27.Rxc8+ Bxc8 28.f4 Kf8 29.Bc5+ Ke8
30.Kf2 Kd7 31.Ke3 Kc7 32.Nd2 b6 33.Bf8 Kd8 34.Nf3 Ke8 35.Bd6 Bd8 36.a3 h5
37.Ne1 Bd7 38.Ng2 Bc6 39.Kd2 f6 40.Ne3 Kf7 41.Kc3 Bb5 42.Kd2 Kg8 43.Bb8 Be8
44.Bd6 Bg6 45.Ke2 Kf7 46.Kf2 Bd3 47.Ng2 Ke8 48.Ne3 Be4 49.Ke2 Kd7 50.Bf8 g6
51.Nd1 Bc7 52.Kf2 a5 53.Nc3 Bd3 54.Ke3 Bc4 55.a4 Bb3 56.Kf3 Bb8 57.g4 Ke8
58.Ba3 hxg4+ 59.Kxg4 Kf7 60.Kf3 e5 61.dxe5 fxe5 62.Nxd5 Bxd5+  0-1

[Event "URS-chT"]
[Site "Podolsk"]
[Date "1990.??.??"]
[Round "?"]
[White "Moskalenko, Viktor"]
[Black "Komliakov, Viktor"]
[Result "1/2-1/2"]
[WhiteElo "2525"]
[BlackElo "2400"]

1.Nf3 d5 2.d4 Nf6 3.c4 c6 4.Nc3 a6 5.cxd5 cxd5 6.Bf4 Nc6 7.e3 Bg4 8.Be2 e6
9.O-O Be7 10.Ne5 Bxe2 11.Qxe2 Nxe5 12.Bxe5 O-O  1/2-1/2

[Event "Rilton Cup"]
[Site "Stockholm"]
[Date "1990.??.??"]
[Round "5"]
[White "Akesson, Ralf"]
[Black "Engqvist, Thomas"]
[Result "0-1"]
[WhiteElo "2435"]
[BlackElo "2365"]

1.Nf3 d5 2.d4 c6 3.c4 Nf6 4.Nc3 a6 5.c5 Nbd7 6.Bf4 Nh5 7.Bd2 g6 8.e3 Bg7
9.Be2 O-O 10.Na4 Nhf6 11.O-O Ne4 12.Be1 f5 13.Nb6 Nxb6 14.Ba5 f4 15.Bxb6 Qd7
16.exf4 Rxf4 17.Ne5 Bxe5 18.dxe5 Ng5 19.g3 Nh3+ 20.Kg2 Nxf2 21.Rxf2 Qh3+
22.Kg1 Rxf2 23.Kxf2 Qxh2+ 24.Ke3 Qxg3+ 25.Kd4 Qf4+ 26.Kc3 Qxe5+ 27.Kb3 Be6
28.Qd2 Rf8 29.Re1 d4+ 30.Ka3 Rf2 31.b3 Kg7 32.Ka4 d3 33.Qxd3 Qb2 34.Bf3 Rd2
35.Qxd2 Qxd2 36.Rxe6 Qf4+ 37.Re4 Qxf3 38.Rxe7+ Kh6 39.Rxb7 Qe2 40.Ka3 Qb5
41.Rd7 Qe2 42.Bc7 Qe4 43.Bd6 g5 44.Re7 Qf3 45.Kb4 Kg6 46.Re6+ Kf7 47.Re7+ Kf6
48.Ka5 Qd3 49.Kb6 Qb5+ 50.Kc7 h5 51.Re3 a5 52.a4 Qa6 53.Be7+ Kf5 54.Rf3+ Ke4
55.Rh3 Qf1 56.Rh2 g4 57.Bd6 Qf6 58.Kxc6 g3 59.Ra2 h4 60.Kb5 Qc3 61.Re2+ Kd5  0-1

[Event "Rilton Cup"]
[Site "Stockholm"]
[Date "1990.??.??"]
[Round "8"]
[White "Khenkin, Igor"]
[Black "Engqvist, Thomas"]
[Result "1-0"]
[WhiteElo "2455"]
[BlackElo "2365"]

1.d4 d5 2.Nf3 c6 3.c4 Nf6 4.Nc3 a6 5.c5 Nbd7 6.Bf4 Nh5 7.e3 g6 8.Bd3 Bg7
9.O-O O-O 10.Bg5 Re8 11.Re1 Qc7 12.e4 dxe4 13.Rxe4 Ndf6 14.Rh4 Be6 15.Ne5 Nd7
16.Ng4 Rad8 17.Qf3 Bxg4 18.Rxg4 Bxd4 19.Rxd4 Ne5 20.Qe3 Rxd4 21.Qxd4 Rd8
22.Qh4 Rxd3 23.Bxe7 Qd7 24.Bd6 f6 25.Re1 Qe6 26.f4 Rd4 27.Rxe5 fxe5 28.Qd8+  1-0

[Event "Andorra op"]
[Site "Andorra"]
[Date "1991.??.??"]
[Round "?"]
[White "Tukmakov, Vladimir B"]
[Black "Eslon, Jaan"]
[Result "1/2-1/2"]
[WhiteElo "2520"]
[BlackElo "2390"]

1.d4 d5 2.c4 c6 3.Nf3 Nf6 4.Nc3 a6 5.e3 b5 6.b3 Bg4 7.Be2 e6 8.h3 Bh5 9.O-O Nbd7
10.Bb2 Bb4 11.a3 Be7 12.Qc2 Bg6 13.Bd3 O-O 14.Bxg6 hxg6 15.c5 Qc7 16.Rad1 Nh7
17.e4 dxe4 18.Nxe4 Nhf6 19.Neg5 Nh7 20.Nxh7 Kxh7 21.Bc1 Kg8 22.Rde1 Nf6 23.Re2 Nd5
24.Rfe1 a5 25.Bd2 a4 26.b4 Bf6 27.Qe4 Rad8 28.g3 Rfe8 29.h4 Be7 30.Qc2 Bf6
31.Kg2 Ne7 32.Bf4 Qd7 33.Bg5  1/2-1/2

[Event "Andorra op"]
[Site "Andorra"]
[Date "1991.??.??"]
[Round "?"]
[White "Magerramov, Elmar"]
[Black "Garcia Callejo, Jesus"]
[Result "1-0"]
[WhiteElo "2525"]
[BlackElo "2305"]

1.d4 d5 2.c4 c6 3.Nf3 Nf6 4.Nc3 a6 5.Qb3 e6 6.Bf4 b5 7.cxd5 cxd5 8.e3 Be7
9.Be2 O-O 10.O-O Nc6 11.Rfc1 Bb7 12.Qd1 Rc8 13.a4 b4 14.Nb1 Qb6 15.Nbd2 Nh5
16.Be5 f6 17.Bg3 Nxg3 18.hxg3 Na5 19.Bd3 g6 20.g4 Kg7 21.g5 Rxc1 22.gxf6+ Bxf6
23.Rxc1 Rc8 24.Rxc8 Bxc8 25.Ne5 Bxe5 26.dxe5 Nc6 27.Nf3 Qc5 28.Bf1 a5 29.Bb5 Bd7
30.Bxc6 Qxc6 31.Qd4 Qc7 32.Qh4 Bc8 33.Qf6+ Kg8 34.Nd4 Qc1+ 35.Kh2 Qd1 36.Nc6  1-0

[Event "Andorra op"]
[Site "Andorra"]
[Date "1991.??.??"]
[Round "?"]
[White "Kolev, Atanas"]
[Black "Eslon, Jaan"]
[Result "1/2-1/2"]
[WhiteElo "2460"]
[BlackElo "2390"]

1.Nf3 d5 2.d4 Nf6 3.c4 c6 4.Nc3 a6 5.c5 g6 6.h3 Bg7 7.Bf4 Ne4 8.e3 Nxc3 9.bxc3 Nd7
10.Rc1 O-O 11.Be2 e5 12.dxe5 Nxc5 13.c4 dxc4 14.Bxc4 Qxd1+ 15.Kxd1 Be6 16.Ke2 Rfe8
17.Rhd1 Rad8 18.Rd4 Bxc4+ 19.Rdxc4 Ne6 20.Rb1 Rd7 21.Bg3 Rc7 22.Rb6 Bf8 23.Nd2 Bc5
24.Rb1 b5 25.Rc2 Be7 26.Ne4 c5 27.a4 Rb8 28.Nd6 Rd7 29.axb5 axb5 30.Kf3 f5
31.h4 b4 32.Nc4 Ra7 33.Ke2 Rba8 34.Kd3 Ra1 35.Rxa1 Rxa1 36.Nd6 Kf8 37.Kc4 Bxd6
38.exd6 Ke8 39.Be5 Ra5 40.f3 Kd7 41.g4 Kc6 42.gxf5 gxf5 43.Rd2 Nf8 44.d7 Nxd7
45.Rd6+ Kc7 46.Re6+ Kb7 47.Re7 Kc6 48.Re6+ Kb7 49.Re7 Kc6  1/2-1/2

[Event "Belgrade-A"]
[Site "Belgrade"]
[Date "1991.??.??"]
[Round "11"]
[White "Landa, Konstantin"]
[Black "Simic, Radoslav"]
[Result "1/2-1/2"]
[WhiteElo "2460"]
[BlackElo "2485"]

1.d4 d5 2.Nf3 Nf6 3.c4 c6 4.Nc3 a6 5.cxd5 cxd5 6.Bf4 Bf5 7.e3 e6 8.Bd3 Bxd3
9.Qxd3 Bd6 10.Bxd6 Qxd6  1/2-1/2